000 00418cam a2200181ua 4500
001 6368
008 060101n1995 II |||gr||||Z||||||eng
040 _aMAIN
041 _aEnglish
100 _aPANDEY.
245 _aA TEXT BOOK OF BOTANY
260 _aNEW DELHI
_bVIKASH PUBLISHING HOUSE
_c1995
300 _a495:
_c25CM.
653 _aPlants (Botany)
700 _aTRIVEDI.
700 _aMISRA, S. P.
942 _cBK
999 _c6353
_d6353